| 000 | 00408nam a2200145Ia 4500 | ||
|---|---|---|---|
| 008 | 211109s9999||||xx |||||||||||||| ||und|| | ||
| 082 |
_a820 _bARN-E |
||
| 100 | _aArnold, Mathew | ||
| 245 | 0 | _aEssential Mathew Arnold | |
| 260 |
_bChatto and Windus _aLondon _c1949 |
||
| 300 | _a659p. | ||
| 630 | _xGeneral Stack | ||
| 650 |
_aEnglish & Old English literatures _vEnglish literature _xGeneralia |
||
| 942 | _cBOOK | ||
| 999 |
_c36105 _d36105 |
||